Language Quiz

Random Language Quiz
Score 0/90 Timer 10:00
0 Plays Today
Ends in -GHT Word % Correct
light
89.6%
might
88.3%
night
87.6%
sight
86%
right
85.6%
fight
83.8%
bright
80.1%
height
79.5%
tight
78.4%
bought
74.9%
plight
73.6%
blight
72.6%
caught
72.1%
fright
71.3%
flight
70.8%
eight
70.1%
weight
67.4%
sought
65.5%
brought
64.8%
thought
64.5%
slight
63.6%
ought
62.4%
fought
62.1%
taught
58.6%
wright
57.6%
wight
56.2%
nought
55.7%
knight
55.5%
alright
55.2%
freight
55%
Ends in -GHT Word % Correct
naught
54.9%
delight
54.4%
drought
52.9%
aught
51.4%
alight
50.1%
draught
49.2%
wrought
47.2%
fraught
45.8%
tonight
45.4%
straight
45.3%
moonlight
44.9%
sunlight
44.8%
midnight
44.3%
insight
43.2%
airtight
41.7%
daylight
41.1%
distraught
40.4%
eyesight
39.9%
candlelight
39.2%
starlight
38.9%
twilight
38.6%
afterthought
38.5%
upright
37.6%
flashlight
37.4%
lamplight
37.1%
skylight
36.5%
fortnight
36.3%
copyright
35.1%
headlight
35%
outright
34.8%
Ends in -GHT Word % Correct
firelight
34.8%
highlight
34.5%
featherweight
34.4%
middleweight
34%
heavyweight
33.6%
overweight
33.5%
welterweight
33.5%
playwright
33.4%
dreadnought
33.4%
torchlight
33%
birthright
32.4%
wainwright
32.3%
counterweight
32.3%
spotlight
32.1%
searchlight
31.9%
lightweight
31.8%
oversight
31.4%
downright
31.3%
forthright
31.3%
uptight
29.5%
watertight
29%
paperweight
28.7%
limelight
27.3%
onslaught
26.6%
deadweight
26.4%
foresight
26.3%
overnight
26.2%
floodlight
26.1%
flyweight
25.4%
hindsight
24.5%
Remove Ads.
Support Sporcle.
Get the best of Sporcle when you Go Orange. This ad-free experience offers more features, more stats, and more fun while also helping to support Sporcle. Thank you for becoming a member.

You're not logged in!

Compare scores with friends on all Sporcle quizzes.
OR
Log In

Show Comments

Extras

Created Sep 29, 2009SourceReportNominate
Tags:common, end, English

Top Quizzes Today


Score Distribution

Your Account Isn't Verified!

In order to create a playlist on Sporcle, you need to verify the email address you used during registration. Go to your Sporcle Settings to finish the process.

Report this User

Report this user for behavior that violates our Community Guidelines.

Details: